000 00802cab a2200229 4500
001 WB2704-42
008 090401t1991 xxu||||| |||| 00| 0 eng d
035 _a(Sirsi) u12276
041 _aeng
245 _aFarming grants
260 _c1991
350 _a0
490 _aMAFF News Release
_v20/91 16 January 1991
520 _aInterest payments included as part of the price of goods are not eligible for grant under the Farm and Conservation Grant Scheme . The Farm Diversification Grant Scheme is to be changed to concentrate grant payments on enterprises yielding the highest rate of return to farmers .
650 _aALTERNATIVE ENTERPRISES
650 _aCONSERVATION
650 _aDIVERSIFICATION
650 _aGRANTS
690 _aRURAL PRACTICE
942 _n0
948 _c04/03/1997
999 _c7859
_d7859